| 000 | 00443nam a22001697a 4500 | ||
|---|---|---|---|
| 003 | NUST - PNEC | ||
| 005 | 20170116181023.0 | ||
| 008 | 150915b xxu||||| |||| 00| 0 eng d | ||
| 020 | _a8120324188 | ||
| 040 | _cLIBRARY | ||
| 082 | _a621.38133 ROY | ||
| 100 |
_910737 _aRoy, Sitesh Kumar |
||
| 245 |
_aMicrowave semiconductor devices _cSitesh Kumar Roy |
||
| 260 | _cc 2003 | ||
| 650 |
_910118 _aMicrowave devices _xEE. EL |
||
| 942 |
_2ddc _cBK |
||
| 999 |
_c67472 _d67472 |
||